000 00313nam a22001337a 4500
999 _c15365
_d15365
020 _a9788171301812
082 _a894.812 3
_bKUN/SM
100 _aKunhabdulla, Punathil
_93049
245 _aSmakasilakal
260 _aKottayam
_bD.C Books
_c2017
300 _a263
650 _aMalayalam Fiction
_93040
942 _cBK